Doručovanie balíkov v podmienkach Európskej únie so zameraním sa na elektronický obchod

Význam doručovania balíkov ako podpory rozvoja elektronického obchodu v Európskej únii. Prostredníctvom historickej analýzy sú charakterizované balíkové služby. Šecifikovanie jednotného trhu doručovania balíkov v Európskej únii s dôrazom na rozvoj elektronického obchodu.

Saved in:
Bibliographic Details
Main Author: Furdová, Lucia, 1984-
Format: Book Chapter
Language:Slovak
Subjects:
Tags: Add Tag
No Tags, Be the first to tag this record!

MARC

LEADER 00000nla a2200000 4500
001 0195870
005 20240502073309.1
041 0 |a slo 
044 |a SK 
245 1 0 |a Doručovanie balíkov v podmienkach Európskej únie so zameraním sa na elektronický obchod  |c Lucia Furdová 
520 |a Význam doručovania balíkov ako podpory rozvoja elektronického obchodu v Európskej únii. Prostredníctvom historickej analýzy sú charakterizované balíkové služby. Šecifikovanie jednotného trhu doručovania balíkov v Európskej únii s dôrazom na rozvoj elektronického obchodu. 
610 2 0 |a obchod elektronický 
610 2 0 |a služby poštové 
610 2 0 |a doprava pošty 
610 2 0 |a Európska únia 
100 1 |a Furdová, Lucia, 1984-